La dirección de la empresa periodistica / (Registro nro. 41520)
[ vista simple ]
| 000 -CABECERA | |
|---|---|
| campo de control de longitud fija | 00963nam a2200265 a 4500 |
| 001 - NÚMERO DE CONTROL | |
| campo de control | 000042031 |
| 005 - FECHA Y HORA DE LA ÚLTIMA TRANSACCIÓN | |
| campo de control | 20201002035909.0 |
| 008 - DATOS DE LONGITUD FIJA--INFORMACIÓN GENERAL | |
| campo de control de longitud fija | 131111s1996 sp 000 0 spa d |
| 020 ## - NÚMERO INTERNACIONAL ESTÁNDAR DEL LIBRO | |
| Número Internacional Estándar del Libro | 8475094864 |
| 040 ## - FUENTE DE LA CATALOGACIÓN | |
| Centro catalogador/agencia de origen | DO-SdBNP |
| Lengua de catalogación | spa |
| Centro/agencia transcriptor | BNPHU |
| 082 ## - NÚMERO DE LA CLASIFICACIÓN DECIMAL DEWEY | |
| Número de clasificación | xxx |
| Número de documento/Ítem | xxx |
| 100 1# - ENTRADA PRINCIPAL--NOMBRE DE PERSONA | |
| Nombre de persona | Sohn, Ardyth |
| 9 (RLIN) | 68996 |
| 240 00 - TÍTULO UNIFORME | |
| Título uniforme | Newspaper Leadership. |
| Lenguaje de la obra | eng. |
| 245 13 - MENCIÓN DE TÍTULO | |
| Título | La dirección de la empresa periodistica / |
| Mención de responsabilidad, etc. | Ardyth Sohn, Christine Ogan, John Polich ; traducción de Luis Romano Haces ; prólogo Richard J. V. Johnson. |
| 260 ## - PUBLICACIÓN, DISTRIBUCIÓN, ETC. | |
| Lugar de publicación, distribución, etc. | Barcelona : |
| Nombre del editor, distribuidor, etc. | Paidós, |
| Fecha de publicación, distribución, etc. | 1996. |
| 300 ## - DESCRIPCIÓN FÍSICA | |
| Extensión | 208 p. ; |
| Dimensiones | 22 cm. |
| 490 1# - MENCIÓN DE SERIE | |
| Mención de serie | Paidós comunicación |
| Designación de volumen o secuencia | 32 |
| 500 ## - NOTA GENERAL | |
| Nota general | Incluye referencias bibliográficas y notas al pie de las páginas. |
| 700 12 - PUNTO DE ACCESO ADICIONAL--NOMBRE DE PERSONA | |
| Nombre de persona | Sohn, Ardyth |
| 9 (RLIN) | 68996 |
| 700 12 - PUNTO DE ACCESO ADICIONAL--NOMBRE DE PERSONA | |
| Nombre de persona | Ogan, Christine |
| 9 (RLIN) | 68997 |
| 700 12 - PUNTO DE ACCESO ADICIONAL--NOMBRE DE PERSONA | |
| Nombre de persona | Polich, John |
| 9 (RLIN) | 68998 |
| 700 12 - PUNTO DE ACCESO ADICIONAL--NOMBRE DE PERSONA | |
| Nombre de persona | Romano Haces, Luis |
| Término indicativo de función/relación | tr. |
| 9 (RLIN) | 68999 |
| 700 12 - PUNTO DE ACCESO ADICIONAL--NOMBRE DE PERSONA | |
| Nombre de persona | Johnson, Richard J. V. |
| Término indicativo de función/relación | pról. |
| 9 (RLIN) | 69000 |
| 830 #0 - PUNTO DE ACCESO ADICIONAL DE SERIE-TÍTULO UNIFORME | |
| Título uniforme | Paidós comunicación |
| Número de parte o sección de la obra | 32 |
| 9 (RLIN) | 69001 |
| Estado de retiro | Estado de pérdida | Restricciones de uso | No para préstamo | Código de colección | Localización permanente | Ubicación/localización actual | Ubicación en estantería | Fecha de adquisición | Número de inventario | Total de préstamos | Signatura topográfica completa | Código de barras | Fecha visto por última vez | Precio válido a partir de | Tipo de ítem Koha |
|---|---|---|---|---|---|---|---|---|---|---|---|---|---|---|---|
| Excluido de préstamo | Monografías: Libros y Folletos | General | General | En catalogación | 11.11.2013 | LF1 | xxx xxx | 42031-10 | 25.06.2020 | 25.06.2020 | No se presta |
